000
00286nam a2200109Ia 4500
008
230822s1999 xx 000 0 und d
041
_a
eng
100
_a
LITTLEWOOD M.
245
_a
LANDSCAPE DETAILING VOLL-II,SURFACES,IIIRD EDITION
260
_b
C.B.S PUBLISHERS
_c
1999
300
_a
208
999
_c
855558
_d
855558